MDQL
is popping MORE tags! Check the
thread
!
Quizzes
Events
Quiz Creation
Community
Videos
Private Events
Remove Ads
Sign In
Join for FREE
Feedback
Dark Mode
Quiz Categories
Sports
Geography
Music
Movies
Television
Just For Fun
Miscellaneous
History
Literature
Language
Science
Gaming
Entertainment
Religion
Holiday
For Kids
Quiz Lab
Recent
Popular Today
Quiz Kudos Today
Editor Picks
Curator Picks
Quizzes by...
Day
Popularity
Type
Ratings
Length
Year
Community
Subscriptions
Recent Discussions
Orange Saloon
Badges
Playlists
Quests
Create
Leaderboards
Showdown
Live 5
Trivia Bingo
Activity
Puzzle Library
Sporcle Events
Private Events
Virtual Trivia
Globe League
Become a Host
Pub Owners
SporcleCon
Opinionation
Our Games
Videos
Blog
Mobile Apps
Partnerships
Remove Ads and Go Orange
Feedback
Movies
Disney
Marvel Cinematic Universe
Movie Resume
Movie Titles
Oscar
Actor
Actress
Director
Pixar
Role
Movie Quotes
Movie Characters
Box Office
Nominee
Best Picture
Star Wars
James Bond
Horror Movies
Movies
Disney
Marvel Cinematic Universe
Movie Resume
Movie Titles
Oscar
Actor
Actress
Director
Pixar
Role
Movie Quotes
Movie Characters
Box Office
Nominee
Best Picture
Star Wars
James Bond
Horror Movies
Random Quiz
Search Sporcle
×
Quiz Lab
Quiz Lab
Movies
Movie Titles
Type in answers that appear in a list
Type in answers that appear in a list
Classic
Best Score? Go Orange.
Disney Channel Original Movies Stats
Can you name the Disney Channel Original Movies?
By
mbiddy001
15m
81 Questions
2,091 Plays
2,091 Plays
2,091 Plays
Comments
Comments
Give Quiz Kudos
Give Quiz Kudos
-
- Ratings
hide this ad
Replay
Link that replays current quiz
Next Quiz
Link to next quiz in quiz playlist
You Got
0%
They Got
Avg Score
27%
Avg Friend Score
Upgrade to see
Score Distribution
Jump to the score distribution portion of the page
Score
0/81
Timer
15:00
0
Plays Today
Movie
% Correct
High School Musical
77.9%
High School Musical 2
69.8%
Halloweentown
56.2%
54%
Camp Rock
51.9%
The Luck of the Irish
46.9%
Smart House
46.7%
The Cheetah Girls
45.6%
The Even Stevens Movie
43.5%
The Thirteenth Year
43.1%
Cadet Kelly
41.9%
Brink!
40.4%
The Cheetah Girls 2
39.9%
Halloweentown High
39.5%
Twitches
39.4%
Johnny Tsunami
37.8%
Zenon: Girl of the 21st Century
36.4%
Jump In!
36.2%
Double Teamed
35.6%
Wizards of Waverly Place: The Movie
35.1%
Princess Protection Program
32.2%
Zenon: The Zequel
31.3%
Motocrossed
31.2%
The Color of Friendship
30.8%
Get a Clue
30.7%
Stuck in the Suburbs
29.2%
Quints
29.1%
Movie
% Correct
Return to Halloweentown
28.7%
Read It and Weep
28.3%
Twitches Too
28.3%
Pixel Perfect
27.9%
Hatching Pete
27.1%
Gotta Kick It Up!
26.8%
Wendy Wu: Homecoming Warrior
26.7%
Eddie's Million Dollar Cook-Off
26.2%
Phantom of the Megaplex
26.1%
Zenon: Z3
26.1%
Minutemen
25.9%
Don't Look Under the Bed
25.4%
The Cheetah Girls: One World
25.3%
Under Wraps
24.9%
Mom's Got a Date with a Vampire
24.7%
Cow Belles
24.7%
Dadnapped
24.1%
The Proud Family Movie
23.7%
You Wish!
23.4%
Rip Girls
22.7%
Horse Sense
22.2%
Life Is Ruff
22%
Full-Court Miracle
21.8%
Stepsister from Planet Weird
21.3%
The Ultimate Christmas Present
21.3%
Miracle in Lane 2
21.2%
The Other Me
20.8%
Movie
% Correct
Up, Up, and Away
20.7%
Tru Confessions
20.5%
Alley Cats Strike
20.4%
Jumping Ship
19.5%
Now You See It...
19.2%
Can of Worms
18.3%
Go Figure
18.1%
Tiger Cruise
17.5%
Right on Track
16.8%
Genius
16.7%
A Ring of Endless Light
16.6%
Johnny Kapahala: Back on Board
16.5%
Hounded
16.4%
The Poof Point
16%
You Lucky Dog
16%
Halloweentown II: Kalabar's Revenge
15.5%
Northern Lights
15%
Jett Jackson: The Movie
15%
'Twas the Night
13.5%
Going to the Mat
13.4%
Buffalo Dreams
13.1%
The Scream Team
13.1%
Kim Possible: So the Drama
12.1%
Ready to Run
11.6%
Kim Possible: A Sitch in Time
11.5%
The Jennie Project
11.2%
H-E Double Hockey Sticks
3.9%
Quiz Playlist
Details
Report
Send in Message
Add To Playlist
Classic:
Type in answers that appear in a list
Last Updated: Feb 16, 2017
Quiz Scoreboard
CHALLENGE
Sign Up to Join the Scoreboard
Show All
Scores
Hide
Comments
May contain spoilers
Recently Published
5x2 Blitz: Bands
by SL_Kpop136
Music
30s
Colored Red Africa Blitz
by spor1
Geography
30s
Find the 'City' Movie
by crazypaving
Movies
60s
More to Explore
Quiz From the Vault
Featured Blog Post
14 Easter Pick-up Lines to Find Eggs With
hide this ad
You Might Also Like...
Tags
Disney Quiz
Movie Titles Quiz
channel
original
Today's Top Quizzes in Movies
Browse Movies
hide this ad
Today's Top Quizzes in Movie Titles
Browse Movie Titles
Top Contributed Quizzes in Movies
1
Pick 5 Posters: Directed by Spielberg
2
7-to-1: Pixar Characters
3
Hidden Star Wars Character II
4
Hidden Star Wars Character III
5
Hidden Star Wars Character IV
6
Pick 5 Posters: Lowest-Rated Spielberg
7
Sorting Actresses
8
Sorting Actors
9
Hidden Star Wars Character V
10
Hidden Star Wars Character VI
Explore More
Trending Topics
Disney
Crossword
Marvel
NBA
Harry Potter
Anime
Kpop
Country
Puzzle
WWE
NFL
Pokémon
Soccer
Song
The Office
hide this ad
More By:
mbiddy001
Quiz
Plays
Rating
Category
Featured
Created
Disney Channel Original Movies
2,091
3.29
Movies
Sep 23, 2009
Go to Creator's Profile
Score Distribution
Quiz Creator Spotlight
mbiddy001
Follow
Send a Message
Quizzes Created
-
Created Quiz Play Count
-
More By This Creator
Popular Quizzes Today
1
5x2 Blitz: Bands
2
Find the 'City' Movie
3
Find the US States - No Outlines Minefield
4
Colored Red Africa Blitz
5
The Countries of the World
6
Find the US States
7
Risky Map Clicking: Biggest States A-Z
8
9x9 Crossword: Cartoon Network
More Movies Quizzes
2 Week Notice Movies
Quiz Lab
Trending Quizzes
Colored Red Africa Blitz II
Colored Red Europe Blitz I
Find the 'Dark' Movie
Find the 'Day' Movie
Find the 'Good' Movie
Recently Updated
Champions League XIs: Real Madrid
pecheneg
Largest US Cities 1790-2010
pecheneg
Rides in Walt Disney World
pecheneg
Most Oscar Losses (Acting)
pecheneg
Beyoncé Albums
pecheneg
Leaping Animals
pecheneg
Reality TV Shows (A-Z)
bhenderson79
Rickey Henderson's Hall of Fame Teammates
pecheneg
Champions League XIs: Arsenal
pecheneg
Quick Pick: Celebrities in WWE's Hall of Fame
aduchscher
Trending Topics
Crossword
NBA
Kpop
Disney
Anime
Harry Potter
Marvel
Pokémon
Puzzle
Song
Country
NFL
The Office
WWE
Soccer
Your Account Isn't Verified!
In order to create a playlist on Sporcle, you need to verify the email address you used during registration. Go to your
Sporcle Settings
to finish the process.
Report this User
Report this user for behavior that violates our
Community Guidelines
.
Details:
Send Report
Go to the Sporcle.com Mobile Site →
Comments